Краіны Свету - Statistics

General Stats
  • This quiz has been taken 4 times
  • The average score is 65 of 196
Answers on the Map
Answers color-coded by a green-red scale on the quiz's map according to % correct below.
 
Answer Stats
Краіна % Correct
Беларусь
100%
Ірландыя
67%
Ісландыя
67%
Італія
67%
Аўстрыя
67%
Балгарыя
67%
Бельгія
67%
Венгрыя
67%
Вялікабрытанія
67%
Германія
67%
Грэцыя
67%
Данія
67%
Літва
67%
Латвія
67%
Малдова
67%
Нідэрланды
67%
Нарвегія
67%
Паўночная Македонія
67%
Польшча
67%
Расія
67%
Румынія
67%
Сербія
67%
Славакія
67%
Турцыя
67%
Украіна
67%
Фінляндыя
67%
Францыя
67%
Чэхія
67%
Швейцарыя
67%
Швецыя
67%
Эстонія
67%
Іарданія
33%
Ізраіль
33%
Інданезія
33%
Індыя
33%
Ірак
33%
Іран
33%
Іспанія
33%
Аўстралія
33%
Аб'яднаныя Арабскія Эміраты
33%
Азербайджан
33%
Альбанія
33%
Альжыр
33%
Аман
33%
Ангола
33%
Андора
33%
Антыгуа і Барбуда
33%
Аргенціна
33%
Арменія
33%
Афганістан
33%
Багамскія Астравы
33%
Балівія
33%
Бангладэш
33%
Барбадас
33%
Батсвана
33%
Беліз
33%
Боснія і Герцагавіна
33%
Бразілія
33%
Бруней
33%
Буркіна-Фасо
33%
Бутан
33%
В'етнам
33%
Вануату
33%
Ватыкан
33%
Венесуэла
33%
Гаіці
33%
Габон
33%
Гамбія
33%
Гана
33%
Гандурас
33%
Гаяна
33%
Гватэмала
33%
Грузія
33%
Дамініка
33%
Дамініканская Рэспубліка
33%
Джыбуці
33%
Дэмакратычная Рэспубліка Конга
33%
Егіпет
33%
Емен
33%
Злучаныя Штаты Амерыкі
33%
Кіпр
33%
Кітай
33%
Каба-Вердэ
33%
Казахстан
33%
Калумбія
33%
Камбоджа
33%
Канада
33%
Катар
33%
Кенія
33%
Косава
33%
Коста-Рыка
33%
Кот-д'Івуар
33%
Куба
33%
Кувейт
33%
Кыргызстан
33%
Ліберыя
33%
Лівія
33%
Ліван
33%
Лаос
33%
Лесота
33%
Люксембург
33%
М'янма
33%
Маўрытанія
33%
Мадагаскар
33%
Мазамбік
33%
Малі
33%
Малайзія
33%
Мальта
33%
Манака
33%
Манголія
33%
Марока
33%
Мексіка
33%
Нігер
33%
Нігерыя
33%
Нікарагуа
33%
Намібія
33%
Науру
33%
Непал
33%
Новая Зеландыя
33%
Паўднёва-Афрыканская Республіка
33%
Паўднёвая Карэя
33%
Паўднёвы Судан
33%
Паўночная Карэя
33%
Пакістан
33%
Панама
33%
Папуа-Новая Гвінея
33%
Парагвай
33%
Партугалія
33%
Перу
33%
Сірыя
33%
Саламонавы Астравы
33%
Самалі
33%
Саудаўская Аравія
33%
Сенегал
33%
Сент-Кітс і Невіс
33%
Славенія
33%
Судан
33%
Сурынам
33%
Сьера-Леонэ
33%
Таджыкістан
33%
Тайвань
33%
Тайланд
33%
Танзанія
33%
Тога
33%
Туніс
33%
Туркменістан
33%
Узбекістан
33%
Уругвай
33%
Фіджы
33%
Філіпіны
33%
Федэратыўныя Штаты Мікранезіі
33%
Харватыя
33%
Цэнтральна-Афрыканская Рэспубліка
33%
Чад
33%
Чарнагорыя
33%
Чылі
33%
Шры-Ланка
33%
Эквадор
33%
Экватарыяльная Гвінея
33%
Эрытрэя
33%
Эсваціні
33%
Эфіопія
33%
Японія
33%
Бахрэйн
0%
Бенін
0%
Бурундзі
0%
Гвінея
0%
Гвінея-Бісау
0%
Грэнада
0%
Зімбабвэ
0%
Замбія
0%
Кірыбаці
0%
Камерун
0%
Каморскія Астравы
0%
Ліхтэнштэйн
0%
Маўрыкій
0%
Малаві
0%
Мальдывы
0%
Маршалавы Астравы
0%
Палау
0%
Руанда
0%
Рэспубліка Конга
0%
Сінгапур
0%
Сальвадор
0%
Самоа
0%
Сан-Маріна
0%
Сан-Тамэ і Прынсіпі
0%
Сейшэльскія Астравы
0%
Сент-Вінсент і Грэнадзіны
0%
Сент-Люсія
0%
Тонга
0%
Трынідад і Табага
0%
Тувалу
0%
Уганда
0%
Усходні Тымор
0%
Ямайка
0%
No matching quizzes found
Score Distribution
Percent of People with Each Score
Percentile by Number Answered
Your Score History
You have not taken this quiz